000 00934nam0a22002531 4500
001 rc\2569071
005 20250623111655.0
035 _a(NLR Aleph) 006733861
090 _a5572735
_c5572735
100 _a20110914d1927 |||y0rusy50 ca
101 0 _arus
102 _aRU
105 _aa z |||||
200 1 _aКонтрольные цифры народного хозяйства Московской губернии на 1926-27 год
_fК. Уханов
205 _a2-е изд., испр.
210 _aМосква
_cМоск. совет
_d1927
_gтипо-хромо-лит. "Искра революции" Мосполиграф
215 _a72 с., [1] вклад. л. табл.
_d22х15 см.
700 1 _aУханов
_bК.В.
_f1891-1937
_gКонстантин Васильевич
801 0 _aRU
_bNLR
_gpsbo
801 1 _aRU
_bELAR
_2rusmarc
852 _aNLR
_j35/3811
942 _cBOOK
980 _aNB